00333nam a2200133Ia 450000500170000000800410001704100080005808200160006610000240008224500290010626000400013530000090017565000150018420250729165650.0250729s2007 xx 000 0 und d akan a370.15 OBAS aDr.R.Obalesha Gatty aShykshanikha Manovijnana aGadagabVidhyanidhi Prakashanc2007 a396p aPsychology